| 000 | 00442nam a22001697a 4500 | ||
|---|---|---|---|
| 005 | 20250221125450.0 | ||
| 008 | 250221b |||||||| |||| 00| 0 eng d | ||
| 020 | _a9780072879520 | ||
| 050 |
_aHF5667 _bWHI |
||
| 100 | _aWhittington, Ray O. | ||
| 245 | _aPrinciples of auditing and other assurance services | ||
| 250 | _a14th | ||
| 260 |
_aBoston _bMcGraw-Hill _cc2004 |
||
| 300 | _axxvii,763p | ||
| 700 | _aPany, Kurt | ||
| 942 |
_2lcc _cBK _n0 |
||
| 999 |
_c4039 _d4039 |
||